00402nam a22001457a 450000500170000000800410001702000180005804100130007608200150008910000130010424500500011726000450016730000180021265000260023020231117085946.0231117b |||||||| |||| 00| 0 eng d a9780409078305 aEnglish  a343.4 VAL  lEnglish  aValue-Added Tax in South Africa: Legislation  aDurban : bLexisNexis (Pty) Ltd, c2021  bxi, c26 cm.  aLegal practice bLaw